Responses for Show #6040 - Friday, December 10, 2010

Contestants

[<< previous game]

Eugene Henderson, a retail assistant manager from San Francisco, California

Sandra McClellan, a granny nanny from Arlington, Texas

Liz Maziarz, an English professor and mom from Seattle, Washington (whose 1-day cash winnings total $18,400)

[next game >>]

Jeopardy! Round responses

REAL NAMES OF CELEBS
LAST NAME'S THE SAME
VWLLSS VGTBLS
(Alex: VOWELESS VEGETABLES.)
(Alex: We want you to name the country in...)
ZOO LAND
(Alex: Responses will start with...)
"ER"
THE GREATEST IN SPORTS WITH MIKE & MIKE
    $200 1
Jane Seymour

Sandra
    $200 10
Armstrong

Sandra
    $200 4
asparagus

Sandra
    $200 15
Russia

Triple Stumper
    $200 21
erase

Sandra
    $200 26
Jesse Owens

Eugene
    $400 2
Alan Alda

Sandra
    $400 11
Buffett

Eugene
    $400 5
endive

Eugene
    $400 16
India

Liz
    $400 22
erode

Sandra
    $400 27
instant replay

Liz
    $600 3
Helen Mirren

Liz
    $600 12
Gates

Sandra
    $600 6
jicama

Sandra
    $600 17
Israel

Sandra
    $600 23
erroneous

Sandra
    $600 28
Wilt "The Stilt" Chamberlain

Triple Stumper
    $800 8
Vin Diesel

Eugene
    $800 13
Jackson

Eugene
    $800 7
arugula

Liz
    $800 18
Japan

Eugene
    $800 24
an errand

Sandra
    $800 29
Pete Rose

Eugene
    $1000 9
Albert Brooks

Triple Stumper
    $1000 14
Graham

Eugene
    $1000 20
radicchio

Eugene
    $2,300 19
(Eugene: What is Kenya?)

Greece

Eugene
    $1000 25
(Sandra: What is erst?)
(Alex: No.)
(Sandra: [*]?)
...
(Alex: Erst is an adverb, and we were going for the adjective, Sandra.)

erstwhile

SandraEugene
    $1000 30
North Carolina State

Triple Stumper

Scores at the first commercial break (after clue 15):

Liz Sandra Eugene
$1,400 $2,200 $3,400

Scores at the end of the Jeopardy! Round:

Liz Sandra Eugene
$2,200 $3,800 $4,900

Double Jeopardy! Round responses

MATH TERMS
ANAGRAMMED NOTABLES
THE WAR OF ART
STAIN REMOVAL
LITERARY ISLAND HOPPING
CROSSWORD CLUES "L"
    $400 20
an ellipse

Sandra
    $400 13
Machiavelli

Liz
    $400 12
(Robert E.) Lee

Sandra
    $400 11
club soda

Liz
    $400 6
Jaws

Eugene
    $400 1
luge

Sandra
    $800 27
quadrangle

Liz
    $800 14
Spiro Agnew

Eugene
    $800 19
Michelangelo

Sandra
    $800 18
blood

Triple Stumper
    $800 7
Azkaban

Liz
    $800 2
labyrinth

Eugene
    $1200 28
(Eugene: What is the conditional?)
...
(Alex: You were so close, Eugene. It's [*].)
[The end-of-round signal sounds.]

biconditional (or equivalence)

Eugene
Triple Stumper
    $1200 15
Ponce de Leon

Sandra
    $1200 21
Peter Paul Rubens

Triple Stumper
    $1200 24
(Sandra: What is acetane?)

acetone

LizSandra
    $1200 8
Jurassic Park

Sandra
    $1200 3
liberate

Eugene
    $1600 16
Alfred Nobel

Eugene
    $2,000 22
(Alex: You are right. Pablo Picasso's great work.)

Guernica

Sandra
    $1600 25
chewing gum

Sandra
    $1600 9
Navarone

Sandra
    $1600 4
Lollapalooza

Eugene
    $2000 17
Euripides

Liz
    $2000 23
(Liz: Who is Delecroix?)
...
(Alex: Who is the famous French artist [*]?)

Jacques-Louis David

Liz
Triple Stumper
    $2000 26
grease

Liz
    $2000 10
Neverland

Triple Stumper
    $2000 5
lapidary

Liz

Scores at the end of the Double Jeopardy! Round:

Liz Sandra Eugene
$9,800 $12,200 $10,100

[wagering suggestions for these scores]

Final Jeopardy! Round responses

MOVIES & LANGUAGE
(Alex: You had to remember what was one of the biggest movies of the past year or so.)
...
(Alex: [To Liz] You're right, but you're incorrect because we needed what the language was.)
...
(Alex: The movie was called Avatar; the language was [*].)
LizWhat is the language from Avatar?
$9,000
EugeneWhat is Muggle?
$9,901
SandraWhat is Avatar?
$8,001
Na'vi

Final scores:

Liz Sandra Eugene
$800 $4,199 $199
2nd place: $2,000 New champion: $4,199 3rd place: $1,000

Game dynamics:

Coryat scores:

Liz Sandra Eugene
$9,800 $11,800 $12,400
12 R,
1 W
20 R
(including 1 DD),
2 W
16 R,
2 W
(including 1 DD)

Combined Coryat: $34,000

[game clues] [game scores] [suggest correction]

Game tape date: 2010-09-14
The J! Archive is created by fans, for fans. Scraping, republication, monetization, and malicious use prohibited; this site may use cookies and collect identifying information. See terms. The Jeopardy! game show and all elements thereof, including but not limited to copyright and trademark thereto, are the property of Jeopardy Productions, Inc. and are protected under law. This website is not affiliated with, sponsored by, or operated by Jeopardy Productions, Inc. Join the discussion at JBoard.tv.